|
|
|
|
| LEADER |
00654 a2200193 4500 |
| 008 |
150103s9999 000 0 eng |
| 020 |
|
|
|a 9788126427772
|
| 082 |
|
|
|a 891.7301
|
| 100 |
|
|
|a Dostoevsky
|
| 245 |
|
|
|a Lokothara kathakal-Dostoevsky /
|
| 260 |
|
|
|a Kottayam:
|b D. C. Books,
|c 2012.
|
| 300 |
|
|
|a 136 p.
|
| 500 |
|
|
|a Translation into Malayalam
|
| 650 |
|
|
|a Russian Fiction.
|
| 653 |
|
|
|a Russian Short stories.
|
| 700 |
|
|
|a Premalatha, T.K.
|
| 942 |
|
|
|c BK
|
| 999 |
|
|
|c 307531
|d 307531
|
| 952 |
|
|
|0 0
|1 0
|2 ddc
|4 0
|6 891_730100000000000_DOS_LO
|7 0
|9 352917
|a DRA
|b DRA
|c ST1
|d 2015-07-27
|i 8919
|l 3
|o 891.7301 DOS/LO
|p DRA8919
|r 2018-10-31
|s 2018-09-25
|v 75.00
|w 2015-07-27
|y BK
|